000 00676nam a2200181Ia 4500
008 090124s9999 xx 000 0 und d
082 _b19936
100 _aपाटणकर श्रीनिवास कृष्ण
245 _a प्राजक्ताची फुले
250 _a0
260 _bदा . पां . रानडे
_c1937
300 _a70
600 _aपाटणकर श्रीनिवास कृष्ण
630 _a प्राजक्ताची फुले
700 _aपाटणकर श्रीनिवास कृष्ण
730 _a प्राजक्ताची फुले
942 _cBOOK
999 _c90719
_d90719